000
00223 a2200097 4500
001
13603
100
_a
Gray Co. S
245
_a
Geopolitics of the Nuclear Era
260
_a
New York
_b
Crone Russak
_c
090
_c
10601
_d
10601
942
_a
NUST-CAE
_c
M
_c
672
999
_c
248676
_d
248676